000 00226nam a2200097Ia 4500
008 240331s9999 xx 000 0 und d
082 _bASH
100 _aAsheroft, B
245 0 _aKey concepts in post colonial studies
942 _cL
999 _c2548
_d2548